Регионална библиотека "Любен Каравелов" - Русе

Стихотворения за деца (Запис номер 136988)

MARC детайли
000 -Лидер
Контролно поле с фиксирана дължина 01156nam a2200289 c 4500
003 - Код на организацията, давaща контролен номер
Контролно поле BLK
005 - Дата и час на последна редакция
Контролно поле 20180422112024.0
008 - Елементи от данни с фиксирана дължина
fixed length control field 180409b bul|||||r ||||||| ||bul||
010 ## - Наследен системен номер
LC control number KNG00142953000
040 ## - Източник на каталожния запис
Идентификатор на билиотеката - собственик на записа BLK
041 ## - Код за език
Код за езика на текст/звукозапис или на отделно заглавие Български
Код за езика КДБФ Български
080 ## - УДК
Текстов определител УДК Българска литература
УДК код - определител по УДК 821.163.2
УДК определител -93-1
УДК - код + определител 821.163.2-93-1
100 1# - Редна дума - Автор
Автор Радевски, Христо Василев
Авторска отговорност първи автор
R(LIN) 366130
139 ## - Редно поле
Редна дума Радевски, Христо Василев
Авторски знак Радевс - Р 13
245 10 - Сведения за заглавието
Заглавие Стихотворения за деца
Редно поле (дума) Христо Василев Радевски; худож. Георги Анастасов.
257 ## - Страна на издаване
Страна на създаване/издаване България
260 ## - Област на издателските данни
-- София
Име на издателя, разпространителя и проч. Бълг. писател
Година на издаване 1977
Печатница В. Търново : ДП Д. Найденов
300 ## - Физическа характеристика
Страници 416 с.
Илюстрации и др. с ил.
Размери/Мащаб 17 см
380 ## - Жанр
Жанр Детска худож. лит.
500 ## - Общи забележки
Забележка 4 113 тир.
700 1# - Други автори (авторска отговорност)
Лично име Анастасов, Георги
Автороска отговорност (Описва отношението между автора и произведението) худож.
9 (RLIN) 364356
852 ## - Местоположение
Форматна сигнатура Цб І 34363
856 4# - Електронен адрес и достъп
Електронен формат pdf - файл
Път до файла /url/
856 4# - Електронен адрес и достъп
Електронен формат pdf - файл
Път до файла /url/
942 ## - АРТИКУЛИ
Вид на библиотечния материал Книги
Скрит в OPAC Не
944 ## - СЪЗДАВАНЕ И РЕДАКЦИЯ на ЗАПИСА
Създаване/Редакция Създаване
Дата на регистрацията/редакция 21.05.2013
Статус, дата на статуса 21.05.2013 - от С1,Р / 21.05.2013
Служител, извършил регистрацията/редакцията Севдалина_Василева
944 ## - СЪЗДАВАНЕ И РЕДАКЦИЯ на ЗАПИСА
Създаване/Редакция Редакция
Дата на регистрацията/редакция 21.05.2013
Статус, дата на статуса 21.05.2013 - от С1,Р / 21.05.2013
Служител, извършил регистрацията/редакцията
999 ## - СИСТЕМНИ КОНТРОЛНИ НОМЕРА
Koha biblionumber 136988
Koha biblioitemnumber 136988
Наличности
Код за отписване Код за изгубен артикул Източник на класификационната схема Код за повреда Коз за рестрикции Код за отдаване Артикулен № Име на библиотеката - собственик Име на библиотеката, в която се намира в момента Статус (Текущо местоположение) Дата на вписване в системата Местоположение - отдел Цена в лева Инвентарен номер Систематично азбучна сигнатура Баркод Номер на екземпляра Цена в евро Служебна бележка Служебен тип на артикула
  Не е изгубен Universal Decimal Classification Не е повреден без рестрикции ползва се в читалня 224076 Регионална библиотека "Любен Каравелов" Русе Регионална библиотека "Любен Каравелов" Русе Хранилище 1977-01-01 Хранилище 1.32 247413 Цб І 34363 120000247413 1 0.67 Дост: Dp Вид: Д N: стар фонд Дата: 01.01.1977 Книги
Изтеглен Не е изгубен Universal Decimal Classification Не е повреден без рестрикции заемане за дома 224077 Регионална библиотека "Любен Каравелов" Русе Регионална библиотека "Любен Каравелов" Русе Детски отдел 1977-01-01 Детски отдел 1.32 251671 ДХ 886.7/Р 13 251671 2 0.67 Дост: Pk Вид: Ф N: стар фонд Дата: 01.01.1977 Дата инв: 09.09.2015 Бележки инв: Д2015 Книги
  Не е изгубен Universal Decimal Classification Не е повреден без рестрикции заемане за дома 224078 Регионална библиотека "Любен Каравелов" Русе Регионална библиотека "Любен Каравелов" Русе Детски отдел 1977-01-01 Детски отдел 1.32 251672 ДХ 886.7/Р 13 120000251672 3 0.67 Дост: Pk Вид: Ф N: стар фонд Дата: 01.01.1977 Дата инв: 05.08.2015 Бележки инв: Д2015 Книги
Vip Innovations Ltd, Rousse, Bulgaria 2025